Handbook of management consulting services / (Record no. 344778)
[ view plain ]
| 000 -LEADER | |
|---|---|
| fixed length control field | 01352 a2200217 4500 |
| 020 ## - INTERNATIONAL STANDARD BOOK NUMBER | |
| International Standard Book Number | 0070036861 |
| 020 ## - INTERNATIONAL STANDARD BOOK NUMBER | |
| International Standard Book Number | 9780070036864 |
| 082 04 - DEWEY DECIMAL CLASSIFICATION NUMBER | |
| Classification number | 001.068 |
| 090 ## - LOCALLY ASSIGNED LC-TYPE CALL NUMBER (OCLC); LOCAL CALL NUMBER (RLIN) | |
| -- | 2276 |
| -- | 2276 |
| 100 1# - MAIN ENTRY--PERSONAL NAME | |
| Personal name | Barcus, Sam W. |
| 245 10 - TITLE STATEMENT | |
| Title | Handbook of management consulting services / |
| Statement of responsibility, etc. | Sam W. Barcus. |
| 250 ## - EDITION STATEMENT | |
| Edition statement | 2nd ed. |
| 260 ## - PUBLICATION, DISTRIBUTION, ETC. | |
| Place of publication, distribution, etc. | [S.l.] : |
| Name of publisher, distributor, etc. | McGraw-Hill, |
| Date of publication, distribution, etc. | 1995. |
| 300 ## - PHYSICAL DESCRIPTION | |
| Extent | 768 p. ; |
| Dimensions | 24 cm. |
| 500 ## - GENERAL NOTE | |
| General note | Hardcover. |
| 520 ## - SUMMARY, ETC. | |
| Summary, etc. | Newcomers and experienced consulting pros alike will quickly pull ahead of the pack with this revised, essential desktop reference. It shares the technical knowledge, administrative skills, and business acumen needed to set up and run a successful consulting practice, and discloses powerful problem-solving skills to nimbly manage the essential client-consultant relationship. Compiled by elite practitioners, the second edition shows what it takes to enhance marketing efforts, improve practice quality control, and successfully grow a practice. It's the complete single source guide for rendering responsible, cost-effective, client-oriented consulting services. |
| 700 1# - ADDED ENTRY--PERSONAL NAME | |
| Personal name | Wilkinson, Joseph W. |
| 856 40 - ELECTRONIC LOCATION AND ACCESS | |
| Materials specified | Amazon.com |
| Uniform Resource Identifier | <a href="http://www.amazon.com/exec/obidos/ASIN/0070036861/chopaconline-20">http://www.amazon.com/exec/obidos/ASIN/0070036861/chopaconline-20</a> |
| 856 40 - ELECTRONIC LOCATION AND ACCESS | |
| Materials specified | Amazon customer reviews |
| Uniform Resource Identifier | <a href="http://www.chopac.org/cgi-bin/tools/azrev.pl?q=0070036861">http://www.chopac.org/cgi-bin/tools/azrev.pl?q=0070036861</a> |
| 942 ## - ADDED ENTRY ELEMENTS (KOHA) | |
| Institution code [OBSOLETE] | NBS |
| Koha item type | Book |
| Call number prefix | 001.068 HAN |
| Withdrawn status | Lost status | Damaged status | Not for loan | Collection code | Permanent Location | Current Location | Shelving location | Date acquired | Total Checkouts | Full call number | Barcode | Date last seen | Date last checked out | Price effective from | Koha item type |
|---|---|---|---|---|---|---|---|---|---|---|---|---|---|---|---|
| Computer Science | Central Library (CL) | Central Library (CL) | First Floor - Computer Science | 08/28/2013 | 1 | 001.068 HAN | NBS3698 | 12/04/2017 | 12/04/2017 | 08/28/2013 | Reference |
